| 000 | 00792nam a22002177a 4500 | ||
|---|---|---|---|
| 999 |
_c20951 _d20951 |
||
| 003 | AR-CdUCM | ||
| 008 | 190610b ||||| |||| 00| 0 spa d | ||
| 040 |
_aMUNICIPALIDAD PROVINCIAL DEL CUSCO _cBIBLIOTECA MUNICIPAL DEL CUSCO |
||
| 082 |
_a370.114 / _bC23 |
||
| 100 |
_aCalero Perez, Mavilo _943688 |
||
| 245 |
_aEducándonos en valores : _bLibro de lectura formativa / |
||
| 260 |
_aLima : _bSan Marcos, _c2011. |
||
| 300 |
_a144 páginas _bIlustraciones, gráficos _c32 cm. |
||
| 500 | _a1° Ciclo, educación primaria s/c | ||
| 505 | _aContenido : Carta al niño lector -- Educación en valores -- Vive tu libertad -- Colaboro en casa... | ||
| 650 |
_aEducación primaria _91561 |
||
| 650 |
_aValores _95705 |
||
| 650 |
_aSocialización _93100 |
||
| 942 |
_2ddc _cLIBROS |
||
| 945 | _arcc | ||